| 000 | 00666cam a2200241Ma 4500 | ||
|---|---|---|---|
| 003 | data | ||
| 005 | 20260322212011.0 | ||
| 008 | data | ||
| 010 | _a2005391976 | ||
| 020 | _a1865089745 | ||
| 020 | _a9781865089744 | ||
| 040 |
_aYQU _cYQU _dCIN _dOCL _dCIN |
||
| 050 | 0 | 0 |
_aRC514 _b.M395 2003 |
| 082 | 1 | 4 |
_aB _aB _222 |
| 092 | _a616.89 M395 2003 | ||
| 100 | 1 |
_aMcLean, Richard, _d1973- |
|
| 245 | 1 | 0 |
_aRecovered, not cured : _ba journey through schizophrenia / _cRichard McLean. |
| 260 |
_aCrows Nest, N.S.W. : _bAllen & Unwin, _c2003. |
||
| 300 |
_aix, 180 p. : _bill. ; _c20 cm. |
||
| 600 | 1 | 0 |
_aMcLean, Richard, _d1973- |
| 650 | 0 |
_aSchizophrenics _vBiography. |
|
| 001 | data | ||
| 999 |
_c231 _d231 |
||